[Event "Lozovatsky Memorial-B 2020"]
[Site "Chelyabinsk"]
[Date "2020.01.15"]
[Round "1.6"]
[White "Nugumanov, Bakhtiyar"]
[Black "Frolov, Artiom"]
[Result "1-0"]
[WhiteElo "2389"]
[BlackElo "2336"]
[Annotator "TA"]
[PlyCount "104"]
[EventDate "2020.01.15"]
[EventType "tourn"]
[EventCountry "RUS"]
[SourceTitle "playchess.com"]
[Source "ChessBase"]
[SourceQuality "1"]

{[%evp 14,104,62,44,41,37,39,19,17,18,13,7,19,21,27,5,21,22,23,19,20,10,22,-2,-10,-12,-8,-4,-2,-19,-8,-65,63,70,69,61,58,60,103,12,116,101,146,110,119,106,120,107,152,147,199,191,298,304,298,290,275,240,230,196,179,192,198,212,202,206,226,222,448,272,260,267,875,833,877,854,819,808,804,803,944,452,452,452,1436,1422,3706,3701,2987,2862,2671,2526,1532]} 1. e4 c5 2. Nf3 e6 3. d4 cxd4 4. Nxd4 a6 5. Bd3 Bc5 6. Nb3 Be7 7. Qg4 g6 8. Qe2 d6 {B42: Sicilian: Kan Variation: 5 Bd3} 9. a4 Nd7 10. Na3 Ne5 {The position is equal.} 11. a5 Nf6 12. Bh6 Nfg4 13. Bd2 O-O 14. O-O Bd7 $146 ({Predecessor:} 14... Nxd3 15. cxd3 e5 16. Nc4 {1-0 (49) Akopian,V (2667)-Kalegin,E (2464) Golden Sands 2014}) 15. f4 Nxd3 16. cxd3 Nf6 17. Be3 Rc8 18. Bb6 Qe8 19. Nd4 e5 20. fxe5 dxe5 21. Nf3 $1 Bb5 22. Nc4 (22. Rfc1 $11) 22... Bc5+ (22... Bxc4 $15 23. dxc4 Qc6) 23. Bxc5 $14 Rxc5 24. b4 Rc7 $1 25. Nfxe5 Nd7 26. Qb2 (26. Ng4 $16 {aiming for Nd6.} Bxc4 27. dxc4) 26... Nxe5 (26... Qe6 $1 $11) 27. Nxe5 $16 Qe6 28. h3 h5 29. Rf2 Re8 30. d4 Kg7 {[#]} 31. Re1 $1 f6 (31... Qd6 $16) 32. Nf3 $18 Qc4 (32... Kg8 $142 33. d5 Qd6) 33. e5 fxe5 34. Nxe5 Qd5 35. Qd2 Re6 36. Qf4 {Strongly threatening Qf8+.} Qd6 37. d5 Re8 {[#] Threatens to win with ...Rce7.} 38. Qd4 {And now Nc4+ would win.} Kg8 {White must now prevent ...Rce7.} 39. Rf3 $40 {[%mdl 128] White goes for the king.} Rce7 {[%cal Re7e5]} 40. Rfe3 Kh7 $2 (40... g5 41. Re4 Rg7) 41. h4 Kg8 42. Re4 Kh7 $2 (42... Rg7 43. Nf3 Rf8) 43. Nf3 {White is clearly winning.} Rxe4 44. Ng5+ ({Weaker is} 44. Rxe4 Kg8 $18) 44... Kh6 45. Nf7+ ({Less strong is} 45. Nxe4 Qf4 $16) 45... Kh7 46. Rxe4 ({Not} 46. Nxd6 Rxd4 47. Nxe8 Kh6 $14) 46... Qf8 47. Qf6 (47. Ng5+ $142 Kg8 48. Ne6) 47... Qg7 48. Ng5+ Kh6 (48... Kg8 $142 49. Rxe8+ Bxe8 50. Qe6+ Kf8) 49. Qf4 {Ne6+ is the strong threat.} Rxe4 50. Nxe4+ g5 51. Qd6+ Qg6 52. hxg5+ Kg7 {Accuracy: White = 67%, Black = 50%.} 1-0

[Event "Lozovatsky Memorial-B 2020"]
[Site "Chelyabinsk"]
[Date "2020.01.15"]
[Round "1.7"]
[White "Somkin, Kirill"]
[Black "Simantsev, Mikhail"]
[Result "0-1"]
[WhiteElo "2121"]
[BlackElo "2370"]
[Annotator "TA"]
[PlyCount "52"]
[EventDate "2020.01.15"]
[EventType "tourn"]
[EventCountry "RUS"]
[SourceTitle "playchess.com"]
[Source "ChessBase"]
[SourceQuality "1"]

{[%evp 14,94,-11,-12,-14,-19,0,-32,5,-39,-31,-13,-26,-56,-10,-21,-14,-20,0,-56,-32,-101,-90,-85,-111,-97,-95,-96,-109,-138,-129,-202,-184,-242,-211,-186,-162,-193,-82,-154,-96,-126,0,-72,66,72,70,66,67,-143,-150,-141,-68,-73,0,0,0,-136,-140,-136,-134,-1944,-1969,-1548,-1406,-2930,-2570,-29982,-29983,-29983,-29984,-29984,0,0,0,-29984,-29985,-29985,-29986,-29986,-29987,-29987,-29988]} 1. e4 c5 2. c3 Nf6 3. e5 Nd5 4. d4 cxd4 5. Qxd4 e6 6. Nf3 Nc6 7. Qe4 f5 8. Qe2 b5 {B22: Sicilian: 2 c3} (8... b6 9. g3 a5 10. Bg2 Ba6 11. c4 Bb4+ 12. Bd2 Rc8 13. O-O O-O 14. b3 Nde7 15. Nc3 Ng6 16. Rad1 Qc7 17. Rfe1 Bc5 18. Bc1 h6 19. Nb5 Bxb5 20. cxb5 {1-0 (59) Deviatkin,A (2436)-Hansen,E (2606) Moscow 2019}) 9. g3 a5 10. Bg2 (10. Nh4 $5 {[%cal Re2h5]} Qe7 11. Na3 $11) 10... Ba6 {Black is slightly better.} 11. O-O (11. Nh4 $5 {[%cal Re2h5]} g6 12. Nxf5 $11) 11... Be7 12. Rd1 O-O 13. Nd4 Qb6 14. Nxc6 $146 ({Predecessor:} 14. Bxd5 Nxd4 15. cxd4 exd5 16. Qe3 b4 {½-½ (16) Hasanzade,T (2318)-Rzayev,B (2340) Konya 2019}) 14... dxc6 15. Nd2 a4 16. Qe1 {[#]} (16. Nf3 $11) 16... a3 $1 {[%mdl 512]} 17. Nf3 (17. Bxd5 $15 cxd5 18. bxa3) (17. bxa3 Nxc3) 17... axb2 18. Bxb2 c5 19. Nd2 Rad8 20. Rdb1 Qc7 21. a4 {Black must now prevent axb5.} b4 22. c4 {[#]} (22. Nf3 $17 {keeps fighting.}) 22... Nb6 $1 $19 23. Bf1 (23. Qe2 $142) 23... Qc6 24. Bg2 Qd7 25. Rd1 Nxa4 (25... Qd3 $19 {has better winning chances.} 26. a5 Nxc4) 26. Ne4 $17 {[#]} Qc8 {Played: Qd7xd1} 0-1

[Event "Lozovatsky Memorial-B 2020"]
[Site "Chelyabinsk"]
[Date "2020.01.15"]
[Round "1.8"]
[White "Mischuk, Dmitry"]
[Black "Tologontegin, Semetey"]
[Result "1-0"]
[WhiteElo "2358"]
[BlackElo "2355"]
[Annotator "TA"]
[PlyCount "91"]
[EventDate "2020.01.15"]
[EventType "tourn"]
[EventCountry "RUS"]
[SourceTitle "playchess.com"]
[Source "ChessBase"]
[SourceQuality "1"]

{[%evp 18,114,16,0,19,0,0,-13,18,37,26,0,4,0,22,14,18,18,18,18,23,12,23,15,35,36,34,27,28,13,23,11,20,8,17,15,18,0,6,0,12,3,21,-2,4,0,8,34,128,98,180,193,176,0,45,-76,-29,-18,0,0,0,-103,0,0,117,127,125,120,68,63,62,68,281,290,928,457,420,300,29989,29990,29997,2070,1500,1271,1166,1130,1262,1276,1250,1177,5277,5385,29990,1324,29993,29994,29994,29993,29993]} 1. e4 c5 2. Nf3 d6 3. d4 cxd4 4. Nxd4 Nf6 5. Nc3 g6 6. Be2 Bg7 7. O-O O-O 8. Re1 Nc6 9. Nb3 Bd7 10. Bf1 Rc8 {B70: Sicilian Dragon: 6 g3 and 6 Be2 (without a later Be3)} 11. Nd5 (11. Bg5 Be6 12. Nd5 Bxd5 13. exd5 Nb4 14. c4 b5 15. a3 bxc4 16. axb4 cxb3 17. Qxb3 Rc7 18. Bb5 Qb8 19. Bc6 {1-0 (62) Nepomniachtchi,I (2729)-Adly,A (2637) Riadh 2017}) 11... Ne5 12. Bg5 e6 {The position is equal.} 13. Nxf6+ Bxf6 14. Bh6 Re8 15. c3 Qe7 $146 ({Predecessor:} 15... Qc7 16. f4 Qb6+ 17. Kh1 Nc4 18. Bxc4 Rxc4 19. e5 {1-0 (48) Seeman,T (2435)-Lehtinen,H (2190) Turku 1998}) 16. Be3 b6 17. Ba6 Rc7 18. Qe2 Bc8 19. Bb5 Bd7 20. Nd4 Nc6 21. Nc2 Rd8 22. Rad1 Na5 23. Na3 Bxb5 24. Nxb5 Rcd7 25. Bc1 d5 26. e5 Bg7 27. Nd4 Rc8 28. Nf3 Nc4 29. Bg5 $36 {[%mdl 2048] White has some pressure.} Qf8 30. Rd4 b5 31. h4 Rb7 32. h5 b4 (32... h6 $14 33. Bc1 g5) 33. b3 Na3 (33... Nb6 $16) 34. hxg6 $1 $18 hxg6 35. Qa6 $2 (35. c4 $1 $18) 35... Rbc7 36. Re2 (36. Rh4 $1 $14 {keeps the upper hand.}) 36... Rxc3 37. Bd2 R3c6 38. Qd3 $1 a5 39. Rh4 (39. Ng5 $11 {keeps the balance.}) 39... Rc2 ({Black should try} 39... Qe7 $1 $17) 40. Ng5 $1 $11 {Qh3 is the strong threat.} R8c3 (40... R2c3 $11 {remains equal.} 41. Bxc3 bxc3) 41. Bxc3 $16 Rxc3 42. Qd4 Nb5 43. Qb6 Rc1+ 44. Kh2 Nc3 $2 {[#]} (44... Qe7 $1 $14) 45. Re3 $1 $18 Rc2 $2 ({Don't go for} 45... Bh6 $2 {[#]} 46. Nxf7 $1 {[%mdl 512]} Bxe3 47. Rh8+ Kg7 48. Qxe3 $18) (45... Ne4) 46. Nh7 {Played: Re3-f3} 1-0

[Event "Lozovatsky Memorial-B 2020"]
[Site "Chelyabinsk"]
[Date "2020.01.15"]
[Round "1.9"]
[White "Scherbakov, Mikhail"]
[Black "Tsvetkov, Pavel"]
[Result "0-1"]
[WhiteElo "2232"]
[BlackElo "2190"]
[Annotator "ChessBase"]
[PlyCount "78"]
[EventDate "2020.01.15"]
[EventType "tourn"]
[EventCountry "RUS"]
[SourceTitle "playchess.com"]
[Source "ChessBase"]
[SourceQuality "1"]
[TimeControl "5400+30"]

1. e4 {[%emt 0:00:00]} e5 {[%emt 0:00:00]} 2. Nf3 {[%emt 0:00:00]} Nc6 {[%emt 0:00:00]} 3. Bb5 {[%emt 0:00:03]} a6 {[%emt 0:00:21]} 4. Ba4 {[%emt 0:00:26]} Nf6 {[%emt 0:00:10]} 5. d3 {[%emt 0:00:33]} d6 {[%emt 0:00:15]} 6. c3 {[%emt 0:00:19]} g6 {[%emt 0:00:06]} 7. O-O {[%emt 0:00:26]} Bg7 {[%emt 0:00:06]} 8. Re1 {[%emt 0:00:32]} O-O {[%emt 0:00:07]} 9. h3 {[%emt 0:00:20]} b5 {[%emt 0:02:09]} 10. Bc2 {[%emt 0:00:33]} Bb7 {[%emt 0:00:07]} 11. Be3 {[%emt 0:00:44]} d5 {[%emt 0:09:50]} 12. Nbd2 {[%emt 0:02:16]} Re8 {[%emt 0:04:58]} 13. Qb1 {[%emt 0:04:56]} Qd7 {[%emt 0:22:04]} 14. Nb3 {[%emt 0:02:47]} Qe7 {[%emt 0:18:38]} 15. Rc1 {[%emt 0:06:22]} Rad8 {[%emt 0:07:37]} 16. Nc5 {[%emt 0:00:56]} d4 {[%emt 0:08:13]} 17. Nxb7 {[%emt 0:01:14]} dxe3 {[%emt 0:00:05]} 18. Nxd8 {[%emt 0:00:31]} exf2+ {[%emt 0:00:05]} 19. Kxf2 {[%emt 0:00:37]} Rxd8 {[%emt 0:04:41]} 20. b4 {[%emt 0:03:47]} Nh5 {[%emt 0:02:22]} 21. Bb3 {[%emt 0:02:01]} Rd6 {[%emt 0:03:49]} 22. g4 {[%emt 0:04:30]} Nf4 {[%emt 0:00:28]} 23. Rd1 {[%emt 0:06:35]} Nxh3+ {[%emt 0:01:16]} 24. Kg3 {[%emt 0:00:08]} Nf4 {[%emt 0:00:12]} 25. Qc2 {[%emt 0:03:20]} h5 {[%emt 0:00:48]} 26. Qh2 {[%emt 0:07:40]} hxg4 {[%emt 0:01:46]} 27. Kxg4 {[%emt 0:03:14]} Qd7+ {[%emt 0:08:55]} 28. Kg3 {[%emt 0:00:11]} Nh5+ {[%emt 0:01:41]} 29. Kf2 {[%emt 0:02:40]} Rf6 {[%emt 0:01:17]} 30. Qh1 {[%emt 0:02:56]} Rf4 {[%emt 0:02:11]} 31. Rd2 {[%emt 0:01:28]} Bh6 {[%emt 0:00:18]} 32. Rg1 {[%emt 0:00:13]} Kf8 {[%emt 0:00:18]} 33. Rdd1 {[%emt 0:02:39]} Qe7 {[%emt 0:00:41]} 34. Rg3 {[%emt 0:01:18]} Qf6 {[%emt 0:00:40]} 35. Rh3 {[%emt 0:00:11]} Rg4 {[%emt 0:00:20]} 36. Rxh5 {[%emt 0:03:03]} gxh5 {[%emt 0:00:04]} 37. Qxh5 {[%emt 0:00:11]} Qf4 {[%emt 0:00:25]} 38. Re1 {[%emt 0:00:35]} Qg3+ {[%emt 0:00:09]} 39. Ke2 {[%emt 0:00:29]} Qg2+ {[%emt 0:00:01] Kf1} 0-1

[Event "Lozovatsky Memorial-B 2020"]
[Site "Chelyabinsk"]
[Date "2020.01.16"]
[Round "2.6"]
[White "Frolov, Artiom"]
[Black "Sitnikov, Anton"]
[Result "1/2-1/2"]
[WhiteElo "2336"]
[BlackElo "2406"]
[Annotator "TA"]
[PlyCount "20"]
[EventDate "2020.01.15"]
[EventType "tourn"]
[EventCountry "RUS"]
[SourceTitle "playchess.com"]
[Source "ChessBase"]
[SourceQuality "1"]

{[%evp 9,20,132,115,70,144,140,145,147,154,156,194,117,122]} 1. e4 c5 2. c3 e5 3. Nf3 Nc6 4. d4 Qc7 5. dxe5 Nxe5 6. Bf4 $146 {B22: Sicilian: 2 c3} ({Predecessor:} 6. Na3 Nf6 7. Nb5 Qb8 8. Nxe5 Qxe5 9. Qf3 Bd6 10. Nxd6+ Qxd6 11. Bf4 Qe6 12. O-O-O Qxa2 {1-0 (32) Golubka,P (2407)-Christensen,B (2127) Malmo 2016}) 6... Nd3+ ({Black should try} 6... Bd6 $14 7. Bg3 Nxf3+ 8. gxf3 Bxg3 9. hxg3 Nf6) 7. Bxd3 $16 Qxf4 8. O-O Be7 9. Re1 Nh6 {[#]} 10. Nbd2 ({White should play} 10. e5 $1 $18) 10... O-O 1/2-1/2

[Event "Lozovatsky Memorial-B 2020"]
[Site "Chelyabinsk"]
[Date "2020.01.16"]
[Round "2.7"]
[White "Tsvetkov, Pavel"]
[Black "Ansat, Aldiyar"]
[Result "1-0"]
[WhiteElo "2190"]
[BlackElo "2263"]
[Annotator "ChessBase"]
[PlyCount "63"]
[EventDate "2020.01.15"]
[EventType "tourn"]
[EventCountry "RUS"]
[SourceTitle "playchess.com"]
[Source "ChessBase"]
[SourceQuality "1"]
[TimeControl "5400+30"]

1. e4 {[%emt 0:00:00]} c5 {[%emt 0:00:00]} 2. Nf3 {[%emt 0:00:00]} d6 {[%emt 0:00:02]} 3. d4 {[%emt 0:00:00]} cxd4 {[%emt 0:00:06]} 4. Qxd4 {[%emt 0:00:00]} a6 {[%emt 0:00:09]} 5. c4 {[%emt 0:00:24]} Nc6 {[%emt 0:00:36]} 6. Qe3 {[%emt 0:00:10]} g6 {[%emt 0:02:48]} 7. Nc3 {[%emt 0:06:02]} Bg7 {[%emt 0:02:43]} 8. Be2 {[%emt 0:02:45]} Nf6 {[%emt 0:02:27]} 9. O-O {[%emt 0:00:19]} O-O {[%emt 0:05:42]} 10. h3 {[%emt 0:02:14]} Bd7 {[%emt 0:12:06]} 11. Rd1 {[%emt 0:02:57]} Rc8 {[%emt 0:08:02]} 12. Rb1 {[%emt 0:01:54]} Qc7 {[%emt 0:09:00]} 13. b4 {[%emt 0:08:58]} Rfd8 {[%emt 0:13:31]} 14. a3 {[%emt 0:13:08]} Qb8 {[%emt 0:12:49]} 15. Bb2 {[%emt 0:17:45]} Qa7 {[%emt 0:06:13]} 16. c5 {[%emt 0:14:31]} dxc5 {[%emt 0:06:40]} 17. b5 {[%emt 0:05:59]} axb5 {[%emt 0:05:29]} 18. e5 {[%emt 0:00:14]} b4 {[%emt 0:08:15]} 19. Nb5 {[%emt 0:01:59]} Qb6 {[%emt 0:01:59]} 20. exf6 {[%emt 0:00:02]} exf6 {[%emt 0:00:10]} 21. Nd6 {[%emt 0:00:18]} Rc7 {[%emt 0:00:51]} 22. Bc4 {[%emt 0:01:43]} Rf8 {[%emt 0:00:33]} 23. axb4 {[%emt 0:01:51]} Nxb4 {[%emt 0:00:22]} 24. Nxf7 {[%emt 0:00:23]} Bb5 {[%emt 0:00:47]} 25. Bxb5 {[%emt 0:04:29]} Qxb5 {[%emt 0:00:05]} 26. Nd6 {[%emt 0:00:02]} Qc6 {[%emt 0:00:54]} 27. Rbc1 {[%emt 0:02:40]} Kh8 {[%emt 0:00:31]} 28. h4 {[%emt 0:03:00]} h5 {[%emt 0:00:35]} 29. Qb3 {[%emt 0:02:55]} Rd7 {[%emt 0:00:29]} 30. Qe6 {[%emt 0:02:15]} b6 {[%emt 0:00:32]} 31. Bc3 {[%emt 0:01:51]} Na6 {[%emt 0:00:21]} 32. Nf7+ {[%emt 0:00:02]} 1-0

[Event "Lozovatsky Memorial-B 2020"]
[Site "Chelyabinsk"]
[Date "2020.01.16"]
[Round "2.8"]
[White "Tologontegin, Semetey"]
[Black "Scherbakov, Mikhail"]
[Result "1-0"]
[WhiteElo "2355"]
[BlackElo "2232"]
[Annotator "TA"]
[PlyCount "51"]
[EventDate "2020.01.15"]
[EventType "tourn"]
[EventCountry "RUS"]
[SourceTitle "playchess.com"]
[Source "ChessBase"]
[SourceQuality "1"]

{[%evp 9,51,7,52,54,47,47,51,0,5,0,20,13,68,65,66,67,74,61,95,98,108,97,133,81,143,138,220,225,277,285,275,280,293,284,359,368,431,440,493,515,495,483,835,826]} 1. g3 c5 2. Bg2 g6 3. c4 Bg7 4. Nc3 d6 (4... Nc6 5. d3 d6 6. Qd2 Qd7 7. b3 b6 8. Bb2 Bb7 9. Nd5 Bxb2 10. Qxb2 e5 11. f4 O-O-O 12. Nf3 f6 13. O-O Nce7 {1-0 (34) Carlsen,M (2872)-Jakovenko,D (2698) Moscow 2019}) 5. b3 f5 $146 ({Predecessor:} 5... e5 6. Bb2 Ne7 7. d3 Nbc6 8. Qd2 Be6 9. Nd5 a5 10. a3 O-O 11. e3 Rb8 12. Bc3 {1-0 (27) Papin,V (2466)-Nouman,A (1934) Sharjah 2016}) 6. Bb2 {A34: Symmetrical English: 2 Nc3, lines with ...d5} Nf6 7. e3 e5 8. h4 (8. Nge2 $14) 8... O-O 9. Nge2 Nc6 10. Nd5 e4 (10... Nh5 $11) 11. Nxf6+ Bxf6 12. Bxf6 Qxf6 13. O-O d5 14. cxd5 Ne5 15. Nf4 b6 {[#]} 16. d4 (16. d3 $142 $1) 16... Nd7 (16... cxd4 $142 17. exd4 Nf7) 17. Ne6 Ba6 (17... Rf7 $16 {was called for.}) 18. Nxf8 $18 Kxf8 19. Re1 Qd6 20. Rc1 Rd8 21. Qd2 Qxd5 22. Qb2 Kf7 23. Red1 {White is clearly winning.} Nf6 24. Qa3 Be2 25. Rd2 Bd3 {[#]} (25... Bb5 $142 26. Qxa7+ Nd7) 26. Rxd3 $1 {[%mdl 576] Pin. Accuracy: White = 76%, Black = 19%.} 1-0

[Event "Lozovatsky Memorial-B 2020"]
[Site "Chelyabinsk"]
[Date "2020.01.16"]
[Round "2.9"]
[White "Simantsev, Mikhail"]
[Black "Mischuk, Dmitry"]
[Result "1/2-1/2"]
[WhiteElo "2370"]
[BlackElo "2358"]
[Annotator "TA"]
[PlyCount "35"]
[EventDate "2020.01.15"]
[EventType "tourn"]
[EventCountry "RUS"]
[SourceTitle "playchess.com"]
[Source "ChessBase"]
[SourceQuality "1"]

{[%evp 21,35,0,0,0,0,0,2,0,0,0,7,7,2,7,7,0]} 1. Nf3 Nf6 2. c4 c6 3. Nc3 d5 4. cxd5 cxd5 5. d4 Nc6 6. Bf4 Bf5 7. e3 e6 8. Bd3 Bxd3 9. Qxd3 Be7 10. O-O O-O 11. h3 Rc8 {The position is equal.} 12. Rac1 {D14: Slav Defence: Exchange variation with ...Bf5} h6 13. Ne5 {[#]} a6 $146 ({Predecessor:} 13... Nxe5 14. Bxe5 Nd7 {½-½ (45) Harikrishna,P (2726)-Nguyen,N (2621) Dubai 2014}) 14. Nxc6 Rxc6 15. Ne2 Qb6 16. Rxc6 bxc6 17. b3 Ba3 18. Nc3 1/2-1/2

[Event "Lozovatsky Memorial-B 2020"]
[Site "Chelyabinsk"]
[Date "2020.01.16"]
[Round "2.10"]
[White "Nugumanov, Bakhtiyar"]
[Black "Somkin, Kirill"]
[Result "1-0"]
[WhiteElo "2389"]
[BlackElo "2121"]
[Annotator "ChessBase"]
[PlyCount "60"]
[EventDate "2020.01.15"]
[EventType "tourn"]
[EventCountry "RUS"]
[SourceTitle "playchess.com"]
[Source "ChessBase"]
[SourceQuality "1"]
[TimeControl "5400+30"]

1. e4 {[%emt 0:00:00]} e5 {[%emt 0:00:00]} 2. Nf3 {[%emt 0:00:27]} Nc6 {[%emt 0:00:00]} 3. Bb5 {[%emt 0:00:38]} Bc5 {[%emt 0:00:16]} 4. O-O {[%emt 0:01:39]} Nf6 {[%emt 0:00:59]} 5. d3 {[%emt 0:01:00]} d6 {[%emt 0:00:58]} 6. c3 {[%emt 0:00:54]} O-O {[%emt 0:01:38]} 7. h3 {[%emt 0:02:01]} Ne7 {[%emt 0:04:04]} 8. Ba4 {[%emt 0:03:52]} Bb6 {[%emt 0:04:16]} 9. Re1 {[%emt 0:03:47]} Ng6 {[%emt 0:02:42]} 10. Nbd2 {[%emt 0:00:51]} c6 {[%emt 0:01:25]} 11. Nf1 {[%emt 0:00:41]} Bc7 {[%emt 0:03:20]} 12. Ng3 {[%emt 0:03:03]} d5 {[%emt 0:02:36]} 13. Bb3 {[%emt 0:05:48]} h6 {[%emt 0:02:43]} 14. d4 {[%emt 0:07:22]} Nxe4 {[%emt 0:22:02]} 15. Nxe4 {[%emt 0:02:36]} dxe4 {[%emt 0:00:18]} 16. Rxe4 {[%emt 0:01:14]} Bf5 {[%emt 0:05:59]} 17. Re1 {[%emt 0:00:36]} e4 {[%emt 0:05:04]} 18. Nd2 {[%emt 0:01:56]} Qh4 {[%emt 0:01:36]} 19. Nf1 {[%emt 0:03:11]} Rae8 {[%emt 0:02:04]} 20. Re3 {[%emt 0:02:42]} Kh8 {[%emt 0:03:55]} 21. Bc2 {[%emt 0:06:34]} Bf4 {[%emt 0:06:33]} 22. Re1 {[%emt 0:03:25]} Re6 {[%emt 0:04:34]} 23. Bxf4 {[%emt 0:09:39]} Nxf4 {[%emt 0:00:42]} 24. Ng3 {[%emt 0:01:13]} e3 {[%emt 0:05:47]} 25. Bxf5 {[%emt 0:05:13]} exf2+ {[%emt 0:00:05]} 26. Kxf2 {[%emt 0:00:21]} Rxe1 {[%emt 0:03:29]} 27. Qxe1 {[%emt 0:00:28]} g6 {[%emt 0:01:26]} 28. Bc2 {[%emt 0:01:32]} Nh5 {[%emt 0:03:56]} 29. Qe5+ {[%emt 0:01:52]} f6 {[%emt 0:02:00]} 30. Qe3 {[%emt 0:00:15]} Kh7 {[%emt 0:05:19]} 1-0

[Event "Lozovatsky Memorial-B 2020"]
[Site "Chelyabinsk"]
[Date "2020.01.17"]
[Round "3.6"]
[White "Somkin, Kirill"]
[Black "Frolov, Artiom"]
[Result "1/2-1/2"]
[WhiteElo "2121"]
[BlackElo "2336"]
[Annotator "TA"]
[PlyCount "144"]
[EventDate "2020.01.15"]
[EventType "tourn"]
[EventCountry "RUS"]
[SourceTitle "playchess.com"]
[Source "ChessBase"]
[SourceQuality "1"]

{[%evp 9,144,43,43,43,43,45,40,37,47,32,51,26,29,21,29,25,35,41,54,14,20,13,13,16,17,9,52,27,48,39,47,40,43,32,37,0,0,-14,0,-29,8,0,12,9,7,0,0,0,0,0,0,0,0,0,0,0,0,-9,0,0,0,-47,0,0,0,0,0,0,14,25,33,20,48,57,58,65,219,222,232,232,232,225,351,240,413,133,220,166,194,62,62,62,89,78,77,71,79,0,14,0,0,0,0,0,0,0,0,0,0,0,0,0,0,0,0,0,156,-9,0,0,1351,43,33,0,321,0,0,0,0,0,0,0,181,0,0,0,0]} 1. e4 c5 2. Nf3 e6 3. g3 d5 4. exd5 Qxd5 (4... exd5 5. d4 Nf6 6. Bg2 Be7 7. O-O O-O 8. dxc5 Bxc5 9. Nc3 Nc6 10. a3 Re8 11. b4 Bb6 12. Bg5 d4 13. Bxf6 Qxf6 14. Nd5 Qd8 15. Nd2 Be6 16. Nf4 Bf5 17. Nd3 Qc7 {1-0 (33) Zvjaginsev,V (2642)-Rublevsky,S (2652) Tula 2019}) 5. Nc3 Qd8 6. Bg2 {B40: Sicilian: 2...e6, Unusual lines} Nc6 7. O-O Nf6 8. d3 {White is slightly better.} Be7 9. Bf4 O-O 10. Re1 Qb6 $146 ({Predecessor:} 10... Bd7 11. Ne5 Nxe5 12. Bxe5 {½-½ (28) Martinez,J-Serrano Marhuenda,S (2230) Aragon 1997}) 11. Ne5 Nxe5 12. Bxe5 Bd7 13. Ne4 Nd5 14. d4 {Black must now prevent c4.} cxd4 15. Bxd4 Qc7 16. Nc3 Nxc3 17. Bxc3 f6 18. Qh5 Be8 19. Qf3 Bc6 20. Qg4 e5 21. Qe6+ Rf7 22. Bh3 Bf8 23. Rad1 Kh8 24. Rd2 Re7 25. Qb3 Rd8 26. Rxd8 Qxd8 27. Bb4 Re8 {Strongly threatening ...Bxb4.} 28. Bxf8 Rxf8 29. c3 Qd3 30. Bg2 Rd8 31. Bxc6 bxc6 $11 {[%mdl 4096] Endgame KQR-KQR} 32. Qb7 Qd2 33. Re3 Qd1+ 34. Kg2 Qd5+ 35. Kg1 a5 36. b3 h6 37. a4 Kh7 38. Qb6 Rd7 39. c4 Qd1+ $1 40. Kg2 Rd3 41. Rxd3 (41. Qxa5 $2 Rxe3 42. fxe3 Qe2+ 43. Kg1 Qxe3+ 44. Kg2 Qxb3 $17) 41... Qxd3 42. Qxc6 $14 {KQ-KQ} e4 $2 (42... Qxb3 $14 43. Qe4+ Kg8) 43. Qd5 $1 $18 {[%cal Rd5d3]} Qf3+ 44. Kg1 Kg6 45. c5 ({Inferior is} 45. Qxa5 Qd1+ 46. Kg2 Qf3+ 47. Kf1 Qd3+ 48. Kg2 Qf3+ 49. Kg1 Qd1+ 50. Kg2 Qf3+ $11) 45... Qf5 (45... h5 $142 46. Qd7 Qe2) 46. Qd4 {And now c6 would win.} Qe6 $2 (46... Qf3 47. Qd7 h5) 47. Kg2 $2 (47. Qc3 $18 {and the rest is easy.}) 47... Kf5 (47... f5 $16) 48. h3 h5 49. Qe3 ({White should play} 49. Qd1 $18 Kg6 50. Qc2) 49... Qd5 $1 $14 50. Kh2 g5 51. Qc3 {c6 is the strong threat.} Qd3 52. Qxa5 e3 53. fxe3 (53. c6+ $16 Kg6 54. Qe1 exf2 55. Qxf2) 53... Qxe3 54. Qb5 Qf2+ 55. Kh1 Qf3+ 56. Kh2 {aiming for g4+.} Qf2+ 57. Kh1 Qf3+ 58. Kg1 {Threatens to win with Qf1.} Qxg3+ {[%mdl 64] Double Attack} 59. Kf1 Qxh3+ 60. Ke2 {Intending Qd7+ and mate.} Qg2+ 61. Ke3 Qe4+ 62. Kd2 Qd5+ $2 (62... Qf4+ $11 63. Kc2 Qf2+ 64. Kc3 Qe1+ 65. Kc2 Qe4+ 66. Kc3 Qe5+ 67. Kc4 h4) 63. Kc3 $2 (63. Qd3+ $1 $16 Ke6 64. a5 Qxc5 65. a6 Qa5+ 66. Ke2) 63... Qe5+ 64. Kb4 {Hoping for c6.} h4 $2 {[%mdl 8192]} (64... Qe1+ $11 65. Kc4 Qe4+ 66. Kc3 Qe5+ 67. Kb4 Qd4+ 68. Ka5 Qd8+ 69. Kb4 Qd2+ 70. Ka3 Qc1+ 71. Kb4 Qf4+ 72. Ka5 h4) 65. Qd7+ $2 (65. c6 $18) 65... Qe6 66. Qd3+ Ke5 $2 {[%mdl 8192] [#]} (66... Kf4 $11 {and Black stays safe.}) 67. Qe3+ $2 (67. a5 $1 $18 h3 68. a6) 67... Kd5 68. Qf3+ Ke5 69. Qe3+ Kd5 70. Qd3+ Ke5 $2 {[#]} (70... Kc6 $11 71. Qa6+ Kd5 72. Qc4+ Ke5 73. Qe2+ Kd5 74. Qg2+ Ke5) 71. Qe3+ $2 (71. a5 $1 $18 h3 72. a6) 71... Kf5 $11 72. Qh3+ Ke5 {Accuracy: White = 46%, Black = 39%.} 1/2-1/2